| 000 | 01250cam a22003011 4500 | ||
|---|---|---|---|
| 001 | gs 39000167 | ||
| 003 | DLC | ||
| 005 | 20260227111344.0 | ||
| 008 | 760220s1939 azua b s000 0 eng | ||
| 010 | _ags 39000167 | ||
| 035 | _a(OCoLC)2003944 | ||
| 040 |
_aDLC _cAzFU _dOCoLC _dDLC |
||
| 042 | _apremarc | ||
| 050 | 0 | 0 |
_aTN24.A6 _bA35 no. 146 |
| 086 | 0 |
_aMN 1.3:B 85/146 _2azdocs |
|
| 100 | 1 |
_aWilson, Eldred Dewey, _d1898-1965. |
|
| 245 | 1 | 0 |
_aBibliography of the geology and mineral resources of Arizona, _cby Eldred D. Wilson. |
| 260 |
_aTucson, Ariz., _bUniversity of Arizona _c[1939] |
||
| 300 |
_a164 p. : _billus. (map) ; _c23 cm. |
||
| 490 | 1 |
_aArizona. Bureau of mines. Bulletin _vno. 146. ; Geology ser. no. 13 |
|
| 500 | _aAt head of title: University of Arizona bulletin. Arizona Bureau of mines. | ||
| 500 | _aUniversity of Arizona bulletin, vol. X, no. 2, April 1, 1939. | ||
| 650 | 0 |
_aGeology _zArizona _vBibliography. |
|
| 650 | 0 |
_aMines and mineral resources _zArizona _vBibliography. |
|
| 810 | 2 |
_aUniversity of Arizona. _bState Bureau of Mines. _tBulletin ; _vno. 146. |
|
| 810 | 2 |
_aUniversity of Arizona. _bState Bureau of Mines. _tGeological series ; _vno. 13. |
|
| 830 | 0 |
_aBulletin (University of Arizona) ; _vv. 10, no. 2. |
|
| 999 |
_c27548 _d27548 |
||